| 000 | 00368nam a22001697a 4500 | ||
|---|---|---|---|
| 005 | 20160628092948.0 | ||
| 008 | 160628b xxu||||| |||| 00| 0 eng d | ||
| 020 | _a019565645-8 | ||
| 041 | _aeng | ||
| 082 | _b10531 | ||
| 100 |
_aDhar, P.N. _93006 |
||
| 245 | _aIndira Gandhi | ||
| 260 |
_bOxford _c2001 |
||
| 300 | _a370 | ||
| 650 |
_aManagement _9241 |
||
| 942 | _cBK | ||
| 999 |
_c4348 _d4347 |
||